Egy szempont a biológia-tankönyvek szövegének és illusztrálásának vizsgálatához

Elmentve itt :
Bibliográfiai részletek
Szerző: Géczi János
Dokumentumtípus: Cikk
Megjelent: 1999
Sorozat:Iskolakultúra 9 No. 5
Online Access:http://misc.bibl.u-szeged.hu/40438
LEADER 00610nab a2200169 i 4500
001 misc40438
005 20191106140932.0
008 180709s1999 hu o 0|| zxx d
022 |a 1215-5233 
040 |a SZTE Miscellanea Repozitórium  |b hun 
041 |a zxx 
100 1 |a Géczi János 
245 1 0 |a Egy szempont a biológia-tankönyvek szövegének és illusztrálásának vizsgálatához  |h [elektronikus dokumentum] /  |c  Géczi János 
260 |c 1999 
300 |a 55-69 
490 0 |a Iskolakultúra  |v 9 No. 5 
856 4 0 |u http://misc.bibl.u-szeged.hu/40438/1/EPA00011_iskolakultura_1999_05_055-069.pdf  |z Dokumentum-elérés